[Event "2015 British Chess Championships: Championship"]
[Site "University of Warwick, Coventry, Warwickshire"]
[Date "2015.08.03"]
[Round "7"]
[Board "5"]
[White "Summerscale, Aaron P"]
[Black "Emms, John M"]
[Result "1/2-1/2"]
[WhiteElo "2416"]
[BlackElo "2460"]
[PlyCount "198"]
[EventDate "2015.07.27"]
[EventRounds "11"]
[EventCountry "ENG"]

1. Nf3 c5 2. c4 g6 3. e3 Bg7 4. d4 Nf6 5. Nc3 O-O 6. Be2 d5 7. O-O cxd4 8. exd4
Nc6 9. c5 Ne4 10. Be3 b6 11. Rc1 bxc5 12. Nxe4 dxe4 13. Rxc5 exf3 14. Bxf3 Nxd4
15. Bxa8 Ba6 16. Bd5 Bxf1 17. Bxd4 Be2 18. Qd2 Bxd4 19. Qxd4 e6 20. Qe3 exd5
21. Qxe2 Re8 22. Qd1 d4 23. Rc2 Qa5 24. Rd2 Qxa2 25. h4 d3 26. b3 Qa5 27. h5
Qc3 28. h6 Kf8 29. g3 Rd8 30. Qe1 Re8 31. Qd1 Rd8 32. Qe1 Qd4 33. Qc1 a5 34.
Qc7 Qd5 35. Qc3 Ke7 36. Qa1 Ke6 37. Qa4 f6 38. Qg4+ Kf7 39. Qf4 g5 40. Qc7+ Rd7
41. Qc8 Kg6 42. Qc3 Qf3 43. Qc8 Qd5 44. Qc3 Qf5 45. Qc8 Kxh6 46. Qf8+ Kg6 47.
Qg8+ Rg7 48. Qd8 Qd7 49. Rxd3 Qxd8 50. Rxd8 Rc7 51. Rd5 Rc1+ 52. Kg2 Ra1 53.
Rb5 h5 54. b4 a4 55. Ra5 a3 56. b5 Rb1 57. Rxa3 Rxb5 58. Ra8 Rb4 59. Rh8 h4 60.
gxh4 Rxh4 61. Ra8 Rb4 62. Kg3 Rb3+ 63. Kg2 g4 64. Rg8+ Kf5 65. Ra8 Kg5 66. Rg8+
Kf4 67. Rc8 f5 68. Ra8 Rb2 69. Rg8 Rc2 70. Rg7 Rc5 71. Rg8 Ke4 72. Re8+ Re5 73.
Ra8 Rd5 74. Re8+ Kf4 75. Rg8 Ra5 76. Rg7 Ra8 77. Rg6 Ke5 78. Kg3 Ra3+ 79. Kg2
Rb3 80. Rg8 Kf6 81. Rf8+ Kg6 82. Rg8+ Kf7 83. Rg5 Rb5 84. Kg3 Kf6 85. Rg8 Rb3+
86. Kg2 Rf3 87. Kg1 Ke5 88. Kg2 Rd3 89. Re8+ Kf4 90. Rg8 Rd5 91. Rg7 Ke4 92.
Rg8 Re5 93. Ra8 f4 94. f3+ gxf3+ 95. Kf2 Kf5 96. Rf8+ Ke4 97. Ra8 Rb5 98. Re8+
Re5 99. Rxe5+ Kxe5 1/2-1/2

[Event "2015 British Chess Championships: Championship"]
[Site "University of Warwick, Coventry, Warwickshire"]
[Date "2015.08.03"]
[Round "7"]
[Board "6"]
[White "Hebden, Mark L"]
[Black "Cooper, John G"]
[Result "1-0"]
[WhiteElo "2500"]
[BlackElo "2313"]
[PlyCount "111"]
[EventDate "2015.07.27"]
[EventRounds "11"]
[EventCountry "ENG"]

1. d4 e6 2. Nf3 c5 3. e3 d5 4. c4 Nf6 5. cxd5 exd5 6. Bb5+ Nc6 7. O-O Bd6 8.
Qc2 Qb6 9. dxc5 Bxh2+ 10. Nxh2 Qxb5 11. Na3 Qb4 12. Bd2 Qe4 13. f3 Qe7 14. Nb5
O-O 15. Rfe1 Bd7 16. Rac1 b6 17. Nd4 Rfc8 18. Nf1 Ne5 19. Bb4 a5 20. Ba3 Qd8
21. Qc3 bxc5 22. Bxc5 Nc4 23. Ba3 h5 24. Nd2 h4 25. Nxc4 Rxc4 26. Qd2 h3 27. b3
Rxc1 28. Rxc1 Qb8 29. gxh3 Qe5 30. Ne2 Nh5 31. Qd4 Qf5 32. Kf2 Re8 33. Bb2 Re4
34. Qd3 Qxh3 35. Rg1 Qh4+ 36. Ng3 Re6 37. Qd4 Qxd4 38. Bxd4 Nxg3 39. Rxg3 f6
40. Ke2 Rc6 41. Kd2 Kf7 42. Rg1 a4 43. b4 Rc4 44. a3 Bf5 45. Bc3 Rh4 46. Rg2
Bd7 47. Bd4 g5 48. Kc3 Bb5 49. Kb2 Bc4 50. Bb6 Ke6 51. Bc7 Rh3 52. Bg3 Bf1 53.
Rg1 Be2 54. Kc3 Rh8 55. Kd4 Rc8 56. e4 1-0

[Event "2015 British Chess Championships: Championship"]
[Site "University of Warwick, Coventry, Warwickshire"]
[Date "2015.08.03"]
[Round "7"]
[Board "7"]
[White "Taylor, Adam A"]
[Black "Williams, Simon K"]
[Result "0-1"]
[WhiteElo "2055"]
[BlackElo "2426"]
[PlyCount "116"]
[EventDate "2015.07.27"]
[EventRounds "11"]
[EventCountry "ENG"]

1. Nf3 d6 2. c4 g6 3. g3 Bg7 4. Bg2 e5 5. O-O c5 6. Nc3 Nc6 7. e3 Nge7 8. d4
cxd4 9. exd4 exd4 10. Nb5 Bg4 11. Bf4 O-O 12. h3 Bxf3 13. Qxf3 Nf5 14. Rab1 a6
15. Na3 Rb8 16. b4 Ne5 17. Qb3 b6 18. Rfd1 h5 19. Qa4 Qc8 20. Rbc1 Re8 21. Qb3
Qd7 22. Nb1 a5 23. Na3 axb4 24. Qxb4 Qc7 25. Nb5 Qc5 26. Qb3 Rbc8 27. Bb7 Rb8
28. Bg2 Rbd8 29. Bd2 Nc6 30. Nc7 d3 31. Nxe8 Rxe8 32. Qxd3 Bd4 33. Rf1 Ne5 34.
Qb3 h4 35. Bb4 Qc7 36. g4 Ng3 37. Rfe1 d5 38. Rcd1 dxc4 39. Qa4 b5 40. Qxb5 Rb8
41. Qa5 Qxa5 42. Bxa5 Nd3 43. Rxd3 cxd3 44. Rd1 Rb2 45. Bd2 Ne2+ 46. Kf1 Rxa2
47. Bf3 Nf4 48. Be1 Ra3 49. Be4 Bc3 50. Bg2 Bxe1 51. Rxe1 Kg7 52. Rd1 Kf6 53.
Be4 Ke5 54. f3 Kd4 55. Re1 d2 56. Rd1 Ke3 57. Bc6 Rc3 58. Ba4 Rc1 0-1

[Event "2015 British Chess Championships: Championship"]
[Site "University of Warwick, Coventry, Warwickshire"]
[Date "2015.08.03"]
[Round "7"]
[Board "8"]
[White "Ward, Chris G"]
[Black "Lewis, Andrew P"]
[Result "1-0"]
[WhiteElo "2423"]
[BlackElo "2295"]
[PlyCount "83"]
[EventDate "2015.07.27"]
[EventRounds "11"]
[EventCountry "ENG"]

1. d4 Nf6 2. c4 g6 3. Nc3 Bg7 4. e4 d6 5. Nge2 O-O 6. Ng3 e5 7. d5 a5 8. Be2
Na6 9. h4 h5 10. Bg5 Qe8 11. Qd2 Nh7 12. Be3 Qe7 13. O-O-O Bd7 14. Nf1 Nc5 15.
g4 hxg4 16. h5 gxh5 17. Rxh5 f5 18. exf5 Rxf5 19. Rxf5 Bxf5 20. Ng3 Bd7 21. Rg1
Qf7 22. Bxc5 dxc5 23. Nge4 Qg6 24. Qc2 b6 25. Kb1 Rf8 26. f3 Ng5 27. Nxg5 Qxg5
28. fxg4 Bf5 29. Bd3 Qe3 30. Rd1 Bxd3 31. Rxd3 Rf1+ 32. Rd1 Rf4 33. Qg6 e4 34.
Qe8+ Bf8 35. Qg6+ Bg7 36. Qe8+ Bf8 37. Qe6+ Kg7 38. Qe5+ Kg8 39. Qe6+ Kg7 40.
g5 Qf3 41. Qh6+ Kf7 42. g6+ 1-0

[Event "2015 British Chess Championships: Championship"]
[Site "University of Warwick, Coventry, Warwickshire"]
[Date "2015.08.03"]
[Round "7"]
[Board "9"]
[White "Batchelor, Peter J"]
[Black "Lam, Paul G M"]
[Result "1-0"]
[WhiteElo "2304"]
[BlackElo "2136"]
[PlyCount "91"]
[EventDate "2015.07.27"]
[EventRounds "11"]
[EventCountry "ENG"]

1. d4 Nc6 2. Nf3 d6 3. e4 Nf6 4. Nbd2 g6 5. c3 Bg7 6. Bd3 O-O 7. O-O e5 8. Re1
Nh5 9. dxe5 Nxe5 10. Nxe5 dxe5 11. Nf3 Qe7 12. Bg5 Bf6 13. Be3 Rd8 14. Qc2 Be6
15. Rad1 g5 16. Nd2 Nf4 17. Bf1 Qf8 18. Nb3 Rxd1 19. Rxd1 b6 20. Nc1 a5 21. a3
Qh6 22. Ne2 a4 23. c4 Bg4 24. Rd2 Bxe2 25. Bxe2 Be7 26. Bg4 Ne6 27. Rd5 Bd6 28.
Bxe6 fxe6 29. Rd2 Bc5 30. Bxc5 bxc5 31. Rd7 Qf6 32. g3 Qf3 33. Qd2 h6 34. h4
Rf8 35. hxg5 h5 36. Rd8 Qxe4 37. Rxf8+ Kxf8 38. Qd8+ Kg7 39. Qe7+ Kg6 40. Qxe6+
Kg7 41. Qh6+ Kf7 42. Qxh5+ Ke7 43. Qh4 Qe1+ 44. Kg2 e4 45. g6+ Kd7 46. Qg4+ 1-0

[Event "2015 British Chess Championships: Championship"]
[Site "University of Warwick, Coventry, Warwickshire"]
[Date "2015.08.03"]
[Round "7"]
[Board "10"]
[White "Jackson, James P"]
[Black "Zhang, Anthony Y"]
[Result "1-0"]
[WhiteElo "2343"]
[BlackElo "2109"]
[PlyCount "69"]
[EventDate "2015.07.27"]
[EventRounds "11"]
[EventCountry "ENG"]

1. e4 c5 2. Nf3 Nc6 3. d4 cxd4 4. Nxd4 e5 5. Nb5 d6 6. c4 Be7 7. N1c3 a6 8. Na3
f5 9. exf5 Bxf5 10. Nc2 Nf6 11. Ne3 Be6 12. g3 Rc8 13. Bg2 O-O 14. O-O Na5 15.
Ncd5 Kh8 16. b3 b5 17. cxb5 axb5 18. Ba3 Nxd5 19. Nxd5 Bxd5 20. Qxd5 Qb6 21.
Rac1 b4 22. Rxc8 Rxc8 23. Qe6 Rb8 24. Qxe7 bxa3 25. Rc1 Qd4 26. Bh3 e4 27. b4
Nb3 28. Bc8 Qd5 29. Qe8+ Qg8 30. Qxg8+ Kxg8 31. Be6+ Kf8 32. Bxb3 Ke7 33. Rc4
d5 34. Rc6 Rxb4 35. Bxd5 1-0

[Event "2015 British Chess Championships: Championship"]
[Site "University of Warwick, Coventry, Warwickshire"]
[Date "2015.08.03"]
[Round "7"]
[Board "11"]
[White "Weaving, Richard"]
[Black "Scott, Gordon W"]
[Result "0-1"]
[WhiteElo "2257"]
[BlackElo "2101"]
[PlyCount "98"]
[EventDate "2015.07.27"]
[EventRounds "11"]
[EventCountry "ENG"]

1. e4 e6 2. d4 d5 3. Nd2 Nf6 4. e5 Nfd7 5. Bd3 c5 6. c3 Nc6 7. Ne2 cxd4 8. cxd4
f6 9. exf6 Nxf6 10. Nf3 Bd6 11. O-O Qc7 12. Nc3 a6 13. Bd2 O-O 14. Rc1 Bd7 15.
Re1 Ng4 16. Bxh7+ Kh8 17. Ne5 Bxe5 18. Qxg4 Bxh2+ 19. Kh1 Kxh7 20. Qh5+ Kg8 21.
Qxh2 Qxh2+ 22. Kxh2 Rxf2 23. Re2 Raf8 24. Be3 Rf1 25. Ree1 Rxe1 26. Rxe1 Nb4
27. Rd1 b5 28. Kg3 Kh7 29. Bf4 Rc8 30. a3 Nc6 31. Ne2 Na5 32. Nc1 Rc2 33. Nd3
Nc4 34. Rc1 Rxc1 35. Bxc1 Kg6 36. Bf4 Kf5 37. Ne5 Bc8 38. Nxc4 dxc4 39. Be5 Ke4
40. Bxg7 a5 41. d5 exd5 42. Bc3 b4 43. axb4 d4 44. Be1 a4 45. Bd2 Kd3 46. Bg5
c3 47. bxc3 dxc3 48. Bc1 Kc2 49. Ba3 Kb3 0-1

[Event "2015 British Chess Championships: Championship"]
[Site "University of Warwick, Coventry, Warwickshire"]
[Date "2015.08.03"]
[Round "7"]
[Board "12"]
[White "Asenov, Pavel"]
[Black "Rudd, Jack"]
[Result "1/2-1/2"]
[WhiteElo "2081"]
[BlackElo "2247"]
[PlyCount "90"]
[EventDate "2015.07.27"]
[EventRounds "11"]
[EventCountry "ENG"]

1. d4 Nf6 2. c4 g6 3. Nc3 Bg7 4. e4 d6 5. f3 O-O 6. Be3 e5 7. Nge2 c6 8. Qd2
Nbd7 9. d5 c5 10. g4 a6 11. Ng3 Qa5 12. h4 b5 13. h5 Nb6 14. Bh6 Bxh6 15. Qxh6
Na4 16. Rc1 Ra7 17. Qd2 Nxc3 18. bxc3 Nd7 19. Bd3 bxc4 20. Bc2 Qd8 21. Kf2 Qf6
22. Ne2 g5 23. Rb1 h6 24. Ng3 Rb7 25. Rxb7 Bxb7 26. Rb1 Rb8 27. Ba4 Bc8 28.
Rxb8 Nxb8 29. Qb2 Nd7 30. Kg2 Qd8 31. Nf5 Nb6 32. Ne7+ Kf8 33. Nxc8 Nxa4 34.
Qa3 Nxc3 35. Nxd6 Nxd5 36. Qxc5 Nf4+ 37. Kg3 Nd3 38. Qd5 Qc7 39. Nxc4 Nb4 40.
Qa8+ Ke7 41. Ne3 Qc5 42. Nf5+ Kd7 43. Qb7+ Kd8 44. Qb8+ Kd7 45. Qb7+ Kd8
 1/2-1/2

[Event "2015 British Chess Championships: Championship"]
[Site "University of Warwick, Coventry, Warwickshire"]
[Date "2015.08.03"]
[Round "7"]
[Board "13"]
[White "Golding, Alex"]
[Black "Storey, Charles H"]
[Result "0-1"]
[WhiteElo "1963"]
[BlackElo "2245"]
[PlyCount "104"]
[EventDate "2015.07.27"]
[EventRounds "11"]
[EventCountry "ENG"]

1. e4 c5 2. Nf3 d6 3. d4 cxd4 4. Nxd4 Nf6 5. f3 a6 6. c4 e6 7. Nc3 Be7 8. Be3
O-O 9. Be2 Nbd7 10. O-O Qc7 11. Qd2 b6 12. Rfd1 Bb7 13. Rac1 Rac8 14. Bf1 Qb8
15. Qf2 Bd8 16. g3 Kh8 17. Nc2 Rg8 18. Na3 g5 19. Bg2 Bc7 20. b4 Rg6 21. Qd2
Rcg8 22. Rb1 Ne5 23. Qf2 Ba8 24. Qf1 Nh5 25. Rb2 g4 26. Bd4 f6 27. Bxe5 fxe5
28. fxg4 Nf6 29. h3 b5 30. g5 Ne8 31. h4 h6 32. cxb5 hxg5 33. h5 Bb6+ 34. Kh2
Rh6 35. g4 Bd4 36. Rc2 Rf6 37. Qd3 Rf4 38. Ne2 Nf6 39. Nxd4 exd4 40. Qxd4 d5
41. Kg1 axb5 42. Rf1 e5 43. Qc5 Nxg4 44. exd5 Qe8 45. Rc3 Qf7 46. Re1 Rd8 47.
Qb6 Rf8 48. Qxb5 Rf2 49. Qc5 Qf4 50. Qxf8+ Qxf8 51. Rg3 Qxb4 52. Re4 Rxg2+ 0-1

[Event "2015 British Chess Championships: Championship"]
[Site "University of Warwick, Coventry, Warwickshire"]
[Date "2015.08.03"]
[Round "7"]
[Board "14"]
[White "Kalaiyalahan, Akshaya"]
[Black "Mason, Donald J"]
[Result "1/2-1/2"]
[WhiteElo "1999"]
[BlackElo "2145"]
[PlyCount "96"]
[EventDate "2015.07.27"]
[EventRounds "11"]
[EventCountry "ENG"]

1. Nf3 Nf6 2. g3 g6 3. Bg2 Bg7 4. d4 O-O 5. c4 d6 6. Nc3 Nbd7 7. O-O e5 8. dxe5
dxe5 9. Qc2 c6 10. Rd1 Qe7 11. b3 Re8 12. a4 a5 13. Ba3 Nc5 14. Rac1 Bf5 15.
Qb2 Bf8 16. Nh4 Qe6 17. Nxf5 Qxf5 18. Bxc5 Bxc5 19. e3 Rad8 20. Qb1 Qxb1 21.
Rxb1 Bb4 22. Na2 Nd7 23. Nxb4 axb4 24. Be4 Nc5 25. Bc2 f5 26. Kf1 Kf7 27. Ke2
Kf6 28. h4 e4 29. Rd4 Ne6 30. Rdd1 Rxd1 31. Rxd1 Rd8 32. Rxd8 Nxd8 33. Bd1 Ke5
34. Bc2 h6 35. Bb1 Ne6 36. Bc2 g5 37. hxg5 hxg5 38. Bd1 Nc5 39. Bc2 Ne6 40. Bd1
Nc5 41. Bc2 f4 42. gxf4+ gxf4 43. Kd2 Ne6 44. Ke1 Ng5 45. Ke2 c5 46. Bb1 b6 47.
Bc2 Ne6 48. Kd2 Ng5 1/2-1/2

[Event "2015 British Chess Championships: Championship"]
[Site "University of Warwick, Coventry, Warwickshire"]
[Date "2015.08.03"]
[Round "7"]
[Board "15"]
[White "Wadsworth, Matthew J"]
[Black "Coleman, David J"]
[Result "1-0"]
[WhiteElo "2160"]
[BlackElo "2231"]
[PlyCount "135"]
[EventDate "2015.07.27"]
[EventRounds "11"]
[EventCountry "ENG"]

1. e4 c5 2. Nf3 d6 3. d4 cxd4 4. Nxd4 Nf6 5. Nc3 a6 6. Bg5 e6 7. f4 Be7 8. Qf3
Qc7 9. O-O-O Nbd7 10. g4 b5 11. Bxf6 Nxf6 12. g5 Nd7 13. f5 O-O 14. h4 b4 15.
Nce2 Bb7 16. Bh3 e5 17. f6 exd4 18. fxe7 Rfe8 19. Bxd7 Qxd7 20. Rxd4 Qxe7 21.
Ng3 a5 22. Nf5 Qe6 23. Nxd6 Red8 24. Rhd1 Qxa2 25. R1d3 Ba6 26. Re3 Rac8 27.
Rd5 Rc7 28. Qf4 Rcd7 29. b3 Qa1+ 30. Kd2 Qg1 31. Rf3 Qb6 32. Kc1 Qc7 33. Nf5
Qxf4+ 34. Rxf4 Rxd5 35. exd5 Kf8 36. Rd4 Bc8 37. Ne3 Ke7 38. Nc4 Bb7 39. Nxa5
Bxd5 40. Rxb4 f5 41. gxf6+ gxf6 42. Rd4 Rd6 43. Kd2 f5 44. c4 Be4 45. Rxd6 Kxd6
46. b4 f4 47. c5+ Kd5 48. c6 Kd6 49. b5 Kc7 50. Nb3 Kb6 51. Nd4 Kc5 52. Ne2 Bh1
53. Nc3 Kc4 54. c7 Bb7 55. Ne4 Kd5 56. Kd3 f3 57. Nf6+ Kd6 58. Nxh7 Kxc7 59.
Ke3 Kb6 60. Ng5 Kxb5 61. h5 Bc8 62. h6 Bf5 63. Kxf3 Kc6 64. Kf4 Bg6 65. Ke5 Kd7
66. Kf6 Bb1 67. Ne6 Bc2 68. Nf8+ 1-0

[Event "2015 British Chess Championships: Championship"]
[Site "University of Warwick, Coventry, Warwickshire"]
[Date "2015.08.03"]
[Round "7"]
[Board "16"]
[White "Burrows, Martin P"]
[Black "Chevannes, Sabrina L"]
[Result "1-0"]
[WhiteElo "2148"]
[BlackElo "2228"]
[PlyCount "63"]
[EventDate "2015.07.27"]
[EventRounds "11"]
[EventCountry "ENG"]

1. e4 c6 2. d4 d5 3. e5 Bf5 4. Nf3 e6 5. Be2 c5 6. Be3 cxd4 7. Nxd4 Ne7 8. Nd2
Nbc6 9. N2f3 Be4 10. O-O Bxf3 11. Nxf3 Nf5 12. Bf4 Be7 13. Bd3 g6 14. Bxf5 gxf5
15. Re1 Qb6 16. Qe2 Rg8 17. c3 Rg4 18. g3 O-O-O 19. b4 Rdg8 20. Kh1 h5 21. a4
h4 22. a5 Qc7 23. Rec1 hxg3 24. fxg3 Rh8 25. Nd4 Kd8 26. a6 Nxd4 27. cxd4 Qd7
28. axb7 Qxb7 29. Qc2 a6 30. b5 axb5 31. Ra7 Qb8 32. Qc6 1-0

[Event "2015 British Chess Championships: Championship"]
[Site "University of Warwick, Coventry, Warwickshire"]
[Date "2015.08.03"]
[Round "7"]
[Board "17"]
[White "Richards, Heather S"]
[Black "Osborne, Marcus E"]
[Result "1-0"]
[WhiteElo "2141"]
[BlackElo "2190"]
[PlyCount "53"]
[EventDate "2015.07.27"]
[EventRounds "11"]
[EventCountry "ENG"]

1. e4 e6 2. d4 d5 3. Bd3 dxe4 4. Bxe4 Nf6 5. Bf3 c5 6. Ne2 Nc6 7. Be3 Nd5 8.
Bxd5 Qxd5 9. Nbc3 Qxg2 10. Rg1 Qf3 11. Nb5 cxd4 12. Nexd4 Bb4+ 13. c3 Qxd1+ 14.
Rxd1 Ba5 15. Rxg7 Ne5 16. Bf4 Nc4 17. b3 e5 18. bxc4 exd4 19. Nd6+ Kd7 20. Nxf7
Re8+ 21. Kf1 Bxc3 22. Rxh7 Kc6 23. Rb1 Ba5 24. Rb5 Bb6 25. Rd5 Bg4 26. Rh6+ Be6
27. Ng5 1-0

[Event "2015 British Chess Championships: Championship"]
[Site "University of Warwick, Coventry, Warwickshire"]
[Date "2015.08.03"]
[Round "7"]
[Board "18"]
[White "Jones, Steven A"]
[Black "Mckenna, Jason P"]
[Result "1-0"]
[WhiteElo "2126"]
[BlackElo "2175"]
[PlyCount "81"]
[EventDate "2015.07.27"]
[EventRounds "11"]
[EventCountry "ENG"]

1. e4 g6 2. d4 Bg7 3. Nc3 d6 4. f4 Nf6 5. Nf3 O-O 6. Be3 b6 7. Qd2 Bb7 8. e5
Nd5 9. O-O-O e6 10. Bc4 Nxc3 11. Qxc3 Qe7 12. Qe1 Bxf3 13. gxf3 d5 14. Bd3 c5
15. f5 exf5 16. c3 cxd4 17. cxd4 Nc6 18. a3 Rac8 19. Kb1 Na5 20. Rg1 Qd7 21.
Qh4 Nc4 22. Bh6 Bxh6 23. Qxh6 Qb5 24. Bxc4 Rxc4 25. e6 Qe8 26. exf7+ Qxf7 27.
h4 Re8 28. h5 Rc6 29. Qf4 Kg7 30. Rd2 Rce6 31. Rg5 Re1+ 32. Ka2 R1e2 33. Rd3
Qd7 34. Rb3 Qe6 35. Rg3 Qf6 36. Rc3 R8e7 37. hxg6 hxg6 38. Rh3 g5 39. Qb8 Re8
40. Rc7+ R2e7 41. Qxe8 1-0

[Event "2015 British Chess Championships: Championship"]
[Site "University of Warwick, Coventry, Warwickshire"]
[Date "2015.08.03"]
[Round "7"]
[Board "19"]
[White "Willmoth, Robert F"]
[Black "Villiers, Thomas"]
[Result "1-0"]
[WhiteElo "2173"]
[BlackElo "2097"]
[PlyCount "83"]
[EventDate "2015.07.27"]
[EventRounds "11"]
[EventCountry "ENG"]

1. Nf3 Nf6 2. b3 c5 3. Bb2 Nc6 4. e3 e6 5. c4 d5 6. cxd5 Nxd5 7. Be2 Be7 8. O-O
Bf6 9. d4 O-O 10. Qd2 cxd4 11. Nxd4 Bd7 12. Nf3 Qb6 13. Bxf6 Nxf6 14. Nc3 Rac8
15. Rac1 Rfd8 16. Qb2 Ne7 17. Ne5 Be8 18. Rfd1 Ned5 19. Nxd5 Nxd5 20. Nc4 Qb4
21. a3 Qe7 22. Bf3 Qg5 23. a4 b5 24. axb5 Bxb5 25. h3 Nb6 26. Nd6 Rc5 27. h4
Rxc1 28. Qxc1 Qxh4 29. Nxb5 Rc8 30. Qd2 a5 31. Qxa5 Nd5 32. Bxd5 exd5 33. Nd4
Qh5 34. Ra1 h6 35. b4 Rc3 36. b5 Rd3 37. Qe1 Qg6 38. Qb1 Qe4 39. b6 Ra3 40. b7
Rxa1 41. Qxa1 Qxg2+ 42. Kxg2 1-0

[Event "2015 British Chess Championships: Championship"]
[Site "University of Warwick, Coventry, Warwickshire"]
[Date "2015.08.03"]
[Round "7"]
[Board "21"]
[White "Pleasants, Allan J"]
[Black "Gower, Sam"]
[Result "1-0"]
[WhiteElo "2120"]
[BlackElo "1915"]
[PlyCount "80"]
[EventDate "2015.07.27"]
[EventRounds "11"]
[EventCountry "ENG"]

1. Nf3 Nf6 2. d4 e6 3. e3 c5 4. Bd3 Nc6 5. O-O d5 6. b3 Bd6 7. Bb2 cxd4 8. exd4
O-O 9. a3 Ne4 10. Nbd2 f5 11. b4 a6 12. Ne5 Nxe5 13. dxe5 Nxd2 14. Qxd2 Be7 15.
Bd4 b5 16. a4 Bd7 17. a5 Rc8 18. f4 Kh8 19. Kh1 Rg8 20. Rae1 Qf8 21. c3 h5 22.
Rf3 g6 23. Bb1 Kg7 24. h3 Kf7 25. Rff1 Qg7 26. Qe2 Rh8 27. Ba2 Rcg8 28. Bxd5 g5
29. fxg5 Qxg5 30. Bf3 h4 31. Qe3 Qg7 32. Bc5 Bg5 33. Qd3 Rd8 34. Rd1 Bf4 35.
Qxd7+ Rxd7 36. Rxd7+ Kg6 37. Rxg7+ Kxg7 38. Bd4 Bd2 39. Rd1 Bf4 40. Bb7 Rd8 1-0

[Event "2015 British Chess Championships: Championship"]
[Site "University of Warwick, Coventry, Warwickshire"]
[Date "2015.08.03"]
[Round "7"]
[Board "22"]
[White "Fryer, David W"]
[Black "Kalavannan, Koby"]
[Result "1/2-1/2"]
[WhiteElo "1951"]
[BlackElo "2178"]
[PlyCount "48"]
[EventDate "2015.07.27"]
[EventRounds "11"]
[EventCountry "ENG"]

1. e4 c5 2. Nc3 e6 3. g3 d5 4. exd5 exd5 5. Bg2 Nf6 6. Nge2 Nc6 7. O-O d4 8.
Ne4 Nxe4 9. Bxe4 Bd6 10. c3 O-O 11. cxd4 Nxd4 12. Nxd4 cxd4 13. b3 Rb8 14. Bb2
b6 15. Qc2 g6 16. Bxd4 Bxg3 17. hxg3 Qxd4 18. Rfe1 Bb7 19. Bxb7 Rxb7 20. Rad1
f5 21. d3 Rd7 22. Qc4+ Qxc4 23. dxc4 Rff7 24. f4 Kg7 1/2-1/2

[Event "2015 British Chess Championships: Championship"]
[Site "University of Warwick, Coventry, Warwickshire"]
[Date "2015.08.03"]
[Round "7"]
[Board "23"]
[White "Burke, Mitchell R"]
[Black "Graham, David B"]
[Result "1/2-1/2"]
[WhiteElo "1966"]
[BlackElo "2162"]
[PlyCount "41"]
[EventDate "2015.07.27"]
[EventRounds "11"]
[EventCountry "ENG"]

1. e4 e6 2. d4 d5 3. Nc3 Bb4 4. exd5 exd5 5. Bd3 Nc6 6. a3 Bxc3+ 7. bxc3 Nge7
8. Qf3 Be6 9. Rb1 b6 10. Ne2 Qd7 11. O-O Bf5 12. Ng3 Bxd3 13. cxd3 f6 14. Nh5
O-O 15. Re1 Qf5 16. Bf4 Ng6 17. Bxc7 Qxf3 18. gxf3 Rac8 19. Bg3 Na5 20. Rb5
Rfd8 21. Rc1 1/2-1/2

[Event "2015 British Chess Championships: Championship"]
[Site "University of Warwick, Coventry, Warwickshire"]
[Date "2015.08.03"]
[Round "7"]
[Board "24"]
[White "Hackner, Oskar A"]
[Black "Evans, Nicholas Thomas"]
[Result "1-0"]
[WhiteElo "2162"]
[BlackElo "1923"]
[PlyCount "63"]
[EventDate "2015.07.27"]
[EventRounds "11"]
[EventCountry "ENG"]

1. d4 d5 2. c4 e6 3. Nc3 c5 4. cxd5 exd5 5. Nf3 Nc6 6. g3 Nf6 7. Bg2 Be7 8. O-O
O-O 9. Bg5 c4 10. Ne5 Be6 11. Qd2 h6 12. Bf4 Bb4 13. Rad1 Bf5 14. f3 Qa5 15. a3
Be7 16. Nxc6 bxc6 17. e4 Bh7 18. Nxd5 Qd8 19. Nxe7+ Qxe7 20. Rc1 Qe6 21. Qc3
Rab8 22. Rf2 Rb3 23. Qxc4 Qxc4 24. Rxc4 Nh5 25. Bd6 Rd8 26. Rxc6 Nf6 27. Be7
Rdb8 28. Rfc2 Bg6 29. Rc8+ Ne8 30. Bh3 R3b6 31. Bd7 f6 32. d5 1-0

[Event "2015 British Chess Championships: Championship"]
[Site "University of Warwick, Coventry, Warwickshire"]
[Date "2015.08.03"]
[Round "7"]
[Board "25"]
[White "Willson, Ollie"]
[Black "Waters, Clive L"]
[Result "1-0"]
[WhiteElo "1909"]
[BlackElo "2147"]
[PlyCount "45"]
[EventDate "2015.07.27"]
[EventRounds "11"]
[EventCountry "ENG"]

1. d4 d5 2. Nf3 Nf6 3. g3 e6 4. Bg2 Be7 5. O-O O-O 6. c4 c6 7. b3 b6 8. Bb2 a5
9. Nc3 Bb7 10. Ne5 Nfd7 11. Nd3 Bf6 12. cxd5 exd5 13. Nf4 Na6 14. e4 dxe4 15.
Nxe4 Be7 16. d5 cxd5 17. Nxd5 Bxd5 18. Qxd5 Nb4 19. Qf5 Ra7 20. Rfd1 g6 21. Qf4
Qb8 22. Qh6 f6 23. Ng5 1-0

[Event "2015 British Chess Championships: Championship"]
[Site "University of Warwick, Coventry, Warwickshire"]
[Date "2015.08.03"]
[Round "7"]
[Board "26"]
[White "Shaw, Peter"]
[Black "Eagleton, Greg T"]
[Result "1-0"]
[WhiteElo "2146"]
[BlackElo "1994"]
[PlyCount "91"]
[EventDate "2015.07.27"]
[EventRounds "11"]
[EventCountry "ENG"]

1. d4 Nf6 2. c4 c5 3. d5 b5 4. cxb5 a6 5. bxa6 g6 6. Nc3 Bxa6 7. g3 d6 8. Bg2
Bg7 9. Nf3 Nbd7 10. Rb1 Qa5 11. Bd2 Bb7 12. O-O O-O 13. Qc2 Qa6 14. e4 e6 15.
dxe6 fxe6 16. b3 d5 17. exd5 exd5 18. Ng5 Rfe8 19. a4 Bc6 20. Nh3 d4 21. Nb5
Bxg2 22. Kxg2 Qc6+ 23. f3 Re2+ 24. Rf2 Ne5 25. Ng1 Rxf2+ 26. Kxf2 Rf8 27. Bf4
g5 28. Bxe5 Ng4+ 29. Ke2 Nxe5 30. Qe4 Qh6 31. Kf1 Qxh2 32. Nd6 Qh6 33. Nf5 Qa6+
34. Kg2 Qf6 35. g4 Ng6 36. Nh3 Rd8 37. Rd1 Nh4+ 38. Nxh4 gxh4 39. Nf4 Rd6 40.
Re1 Bf8 41. Nd3 Rb6 42. Qd5+ Kh8 43. Re5 h3+ 44. Kxh3 Be7 45. g5 Qf8 46. Qe4
 1-0

[Event "2015 British Chess Championships: Championship"]
[Site "University of Warwick, Coventry, Warwickshire"]
[Date "2015.08.03"]
[Round "7"]
[Board "27"]
[White "Jones, William E G"]
[Black "Shepherd, Katherine M"]
[Result "1-0"]
[WhiteElo "2115"]
[BlackElo "1864"]
[PlyCount "101"]
[EventDate "2015.07.27"]
[EventRounds "11"]
[EventCountry "ENG"]

1. e4 e6 2. d4 d5 3. Nc3 Nf6 4. e5 Nfd7 5. f4 c5 6. Nf3 Nc6 7. Be3 a6 8. Qd2 b5
9. dxc5 Bxc5 10. Bd3 Qb6 11. Bf2 b4 12. Na4 Bxf2+ 13. Qxf2 Qxf2+ 14. Kxf2 Rb8
15. Rhc1 Bb7 16. c3 Ke7 17. c4 dxc4 18. Rxc4 a5 19. Be4 Ba6 20. Rxc6 Bb5 21.
Rc7 Bxa4 22. b3 Bb5 23. Nd4 Rhd8 24. Rd1 f5 25. Nc6+ Ke8 26. Nxb8 Rxb8 27. Bc6
Bxc6 28. Rxc6 Nb6 29. Rxe6+ Kf7 30. Rc6 a4 31. Rdd6 axb3 32. axb3 Nc8 33. Rd8
Ne7 34. Rxb8 Nxc6 35. Rb6 Ne7 36. Rxb4 Nd5 37. Rb7+ Ke6 38. g3 g5 39. Kf3 g4+
40. Kf2 h5 41. Rh7 Nc3 42. Rxh5 Kd5 43. Rxf5 Ke4 44. Rg5 Nd1+ 45. Ke2 Nc3+ 46.
Kd2 Nd5 47. e6 Ne7 48. Rxg4 Kf5 49. Rg5+ Kf6 50. Re5 Kg7 51. b4 1-0